\a Counselling Psychology (Record no. 87678)
[ view plain ]
| 000 -LEADER | |
|---|---|
| fixed length control field | nam a22 4500 |
| 005 - DATE AND TIME OF LATEST TRANSACTION | |
| control field | 20230912112745.0 |
| 007 - PHYSICAL DESCRIPTION FIXED FIELD--GENERAL INFORMATION | |
| fixed length control field | 0 |
| 008 - FIXED-LENGTH DATA ELEMENTS--GENERAL INFORMATION | |
| fixed length control field | 230912b xxu||||| |||| 00| 0 eng 0 |
| 020 ## - INTERNATIONAL STANDARD BOOK NUMBER | |
| International Standard Book Number | \a 9788183422666 |
| 040 ## - CATALOGING SOURCE | |
| Original cataloging agency | \a NG-ZaABU |
| Transcribing agency | 0 |
| 050 ## - LIBRARY OF CONGRESS CALL NUMBER | |
| Classification number | \a BF 636.6 Sej |
| Item number | \b 513214 |
| 100 ## - MAIN ENTRY--PERSONAL NAME | |
| 9 (RLIN) | 7404 |
| Personal name | a Sejwal, Preethi |
| 245 ## - TITLE STATEMENT | |
| Title | \a Counselling Psychology |
| Statement of responsibility, etc. | \c by Preethi Sewaji, Meghna Arora |
| Medium | \h [Text] |
| 260 ## - PUBLICATION, DISTRIBUTION, ETC. | |
| Place of publication, distribution, etc. | \a New Delhi : |
| Name of publisher, distributor, etc. | \b Crescent Publishing Corporation |
| Date of publication, distribution, etc. | \c 2021 |
| 300 ## - PHYSICAL DESCRIPTION | |
| Extent | \a 297p.: |
| 500 ## - GENERAL NOTE | |
| General note | \a Includes Index |
| 504 ## - BIBLIOGRAPHY, ETC. NOTE | |
| Bibliography, etc. note | \a Includes bibliographical references |
| 852 ## - LOCATION | |
| Location | \a KIL |
| Shelving location | \c Reserve book unit |
| Piece designation | \p 513214 |
| 942 ## - ADDED ENTRY ELEMENTS (KOHA) | |
| Source of classification or shelving scheme | Library of Congress Classification |
| Koha item type | Books |
| Classification part | \h 636.6 |
| Call number prefix | \k BF |
| Call number suffix | \m Sej |
| Withdrawn status | Lost status | Source of classification or shelving scheme | Damaged status | Not for loan | Home library | Current library | Shelving location | Date acquired | Total Checkouts | Full call number | Barcode | Date last seen | Copy number | Price effective from | Koha item type |
|---|---|---|---|---|---|---|---|---|---|---|---|---|---|---|---|
| Library of Congress Classification | Kashim Ibrahim Library | Kashim Ibrahim Library | Reserve | 09/12/2023 | \o BF 636.6 Sej | \p 30005103013408 | 09/12/2023 | \t 513214 | 09/12/2023 | Books |